Fuyooz ul Quran فیوض القران / (Record no. 616309)

000 -LEADER
fixed length control field 00289nam a22001097a 4500
003 - CONTROL NUMBER IDENTIFIER
control field NUST
005 - DATE AND TIME OF LATEST TRANSACTION
control field 20260219105401.0
082 ## - DEWEY DECIMAL CLASSIFICATION NUMBER
Classification number 297.122,BUL
100 ## - MAIN ENTRY--PERSONAL NAME
Personal name Balgrami, Syed Hamid Hasan
9 (RLIN) 133329
245 ## - TITLE STATEMENT
Title Fuyooz ul Quran فیوض القران /
Statement of responsibility, etc. Syed Hamid Hasan Balgrami
942 ## - ADDED ENTRY ELEMENTS (KOHA)
Source of classification or shelving scheme
Koha item type Book
Holdings
Withdrawn status Lost status Source of classification or shelving scheme Damaged status Not for loan Permanent Location Current Location Shelving location Date acquired Total Checkouts Full call number Barcode Checked out Date last seen Date last checked out Price effective from Koha item type
          Military College of Signals (MCS) Military College of Signals (MCS) General Stacks 02/19/2026 1 297.122,BUL MCS34300 06/19/2026 02/19/2026 02/19/2026 02/19/2026 Book
© 2023 Central Library, National University of Sciences and Technology. All Rights Reserved.